Engineering Drawing with an Introduction to AutoCAD (Record no. 712)
[ view plain ]
| 000 -LEADER | |
|---|---|
| fixed length control field | 00333 a2200109 4500 |
| 020 ## - INTERNATIONAL STANDARD BOOK NUMBER | |
| International Standard Book Number | 9780070648371 |
| 082 ## - DEWEY DECIMAL CLASSIFICATION NUMBER | |
| Classification number | 604.2 JOL |
| 100 ## - MAIN ENTRY--PERSONAL NAME | |
| Personal name | Jolhe, Dhananjay A |
| 245 ## - TITLE STATEMENT | |
| Title | Engineering Drawing with an Introduction to AutoCAD |
| Statement of responsibility, etc. | Dhananjay A Jolhe |
| 260 ## - PUBLICATION, DISTRIBUTION, ETC. | |
| Place of publication, distribution, etc. | New Delhi : |
| Name of publisher, distributor, etc. | McGraw Hill, |
| Date of publication, distribution, etc. | 2008 |
| 300 ## - PHYSICAL DESCRIPTION | |
| Extent | Various pages |
| Other physical details | ill . ; |
| Dimensions | 25cm |
| 650 ## - SUBJECT ADDED ENTRY--TOPICAL TERM | |
| Topical term or geographic name entry element | Engineering Drawing |
| Withdrawn status | Lost status | Damaged status | Not for loan | Permanent Location | Current Location | Shelving location | Date acquired | Total Checkouts | Total Renewals | Full call number | Barcode | Date last seen | Date last checked out | Price effective from | Koha item type | Source of classification or shelving scheme |
|---|---|---|---|---|---|---|---|---|---|---|---|---|---|---|---|---|
| Central Library (CL) | Central Library (CL) | 10/12/2020 | 2 | 1 | 604.2 JOL | NIT-6601 | 06/06/2024 | 03/04/2021 | 01/05/2017 | Book | ||||||
| Central Library (CL) | Central Library (CL) | 09/25/2019 | 1 | 7 | 604.2 JOL | NIT-6542 | 07/03/2024 | 03/12/2019 | 01/05/2017 | Book | ||||||
| Central Library (CL) | Central Library (CL) | 09/25/2019 | 4 | 7 | 604.2 JOL | NIT-6544 | 11/07/2025 | 10/17/2025 | 01/05/2017 | Book | ||||||
| Central Library (CL) | Central Library (CL) | 01/21/2019 | 2 | 9 | 604.2 JOL | NIT-6541 | 02/15/2024 | 07/22/2020 | 01/21/2019 | Book | ||||||
| School of Civil and Environmental Engineering (SCEE) | School of Civil and Environmental Engineering (SCEE) | 604.2 JOL | NIT-6540 | 11/25/2021 | 01/05/2017 | Book |
